Descendientes 2 : (Registro nro. 6440)
[ vista simple ]
| 000 -CABECERA | |
|---|---|
| campo de control de longitud fija | 01280nam a22002777a 4500 |
| 008 - CÓDIGOS DE INFORMACIÓN DE LONGITUD FIJA | |
| fixed length control field | 200206b2017 o||||r|||| 00| fdspa d |
| 020 ## - NÚMERO INTERNACIONAL NORMALIZADO PARA LIBROS | |
| ISBN | 9789584261366 |
| 022 ## - NUMERO INTERNACIONAL NORMALIZADO PUBLICACIONES SERIADAS | |
| Fuente | . |
| 040 ## - Fuente de catalogación | |
| Agencia original de catalogación | CO-JMCR |
| Agencia de transcripción | CO-JMCR |
| 041 #1 - CÓDIGO DE LENGUA | |
| Código idioma | spa |
| Language code of original | eng |
| 082 ## - NÚMERO DE LA CLASIFICACIÓN DECIMAL DEWEY | |
| Número de clasificación Decimal | J-N |
| Número de documento (Cutter) | GERd |
| 100 #1 - PUNTO DE ACCESO PRINCIPAL-NOMBRE DE PERSONA | |
| Nombre personal | Geron, Eric, |
| Término de función/relación | autor |
| 9 (RLIN) | 216 |
| 245 1# - TÍTULO PROPIAMENTE DICHO | |
| Título | Descendientes 2 : |
| Parte restante del título | La novela / |
| Mención de responsabilidad, etc. | Eric Geron ; Traducción Ana Sofia González Saravia Peña |
| 250 ## - DECLARACIÓN DE EDICIÓN | |
| Declaración de edición | Primera edición |
| 260 ## - PUBLICACIÓN, DISTRIBUCIÓN, ETC. (PIE DE IMPRENTA) | |
| Lugar de publicación, distribución, etc. | Bogotá : |
| Nombre del editor, distribuidor, etc. | Planeta, |
| Fecha de publicación, distribución, etc. | 2017 |
| 300 ## - DESCRIPCIÓN FÍSICA | |
| Extensión | 203 páginas : |
| Otros detalles físicos | fotografías a color |
| Dimensiones | 21 cm. |
| 500 ## - NOTA GENERAL | |
| Nota general | Basada en Descendientes 2, escrita por Josann McGibbom y Sara Parriott tomado de la portada. |
| 500 ## - NOTA GENERAL | |
| Nota general | Titulo original Desecendans 2. The Novelization |
| 500 ## - NOTA GENERAL | |
| Nota general | Datos biográficos del autor en página [205]. |
| 520 ## - RESUMEN, ETC. | |
| Resumen,etc. | Mal, Evie, Carolos y Jay podrán ser los hijos de terribles villanos, pero a todos les va muy bien en Auradon. Bueno, a casi todos.<br/>Para mal, la presión de ser perfecta es demasiado intensa, así que regresa a sus raíces podridas en la isla de los podridos. |
| 546 ## - LANGUAGE NOTE | |
| Language note | traducido del inglés |
| 650 14 - TÉRMINO DE MATERIA | |
| 9 (RLIN) | 217 |
| 650 14 - TÉRMINO DE MATERIA | |
| 9 (RLIN) | 218 |
| 700 1# - AUTOR SECUNDARIO - PERSONA | |
| Nombre de persona | González Saravia Peña, Ana Sofía, |
| 9 (RLIN) | 219 |
| Withdrawn status | Lost status | Source of classification or shelving scheme | Damaged status | Not for loan | Home library | Current library | Shelving location | Date acquired | Source of acquisition | Cost, normal purchase price | Total Checkouts | Total Renewals | Full call number | Barcode | Date last seen | Date last checked out | Copy number | Price effective from | Koha item type |
|---|---|---|---|---|---|---|---|---|---|---|---|---|---|---|---|---|---|---|---|
| Dewey Decimal Classification | Biblioteca Pública José María del Castillo y Rada | Biblioteca Pública José María del Castillo y Rada | Processing Center | 12/19/2019 | Donación | 0.00 | 8 | 7 | J-N GERd | 201809723 | 11/22/2024 | 11/19/2024 | Ej.1 | 02/06/2020 | Books |